| 000 | 00696cam a22002417a 4500 | ||
|---|---|---|---|
| 008 | |||
| 020 | _a0340812923(pbk.) | ||
| 049 | _aMAIN | ||
| 090 |
_aRD37.2 _bGAR |
||
| 100 | 1 | _aGarner, Jeff. | |
| 245 | 1 | 0 |
_aQuestions for the MRCS vivas / _cJeff Garner and Peter Goodfellow. |
| 260 |
_aLondon : _bArnold, _c2004. |
||
| 300 |
_axiv, 335 p. : _bill. ; _c24 cm. |
||
| 500 | _aIncludes index. | ||
| 650 | 0 | _aOral examinations. | |
| 650 | 0 |
_aSurgery _vExaminations, questions, etc. |
|
| 700 | 1 | _aGoodfellow, Peter. | |
| 907 |
_a.b10285684 _b29-01-14 _c01-11-10 |
||
| 003 | |||
| 005 | 20230123125053.0 | ||
| 040 | _cNUST | ||
| 942 |
_cBOOKS _kRD37.2 _mGAR |
||
| 999 |
_c135195 _d135195 |
||